000 00981cam a2200265 4500
001 3437
003 BD-RjUL
005 20211208233730.0
008 131219s1967 enka b 001 0 eng
035 _a(BD-RjUL)3471
040 _aDLC
_cDLC
_dDLC
_beng
041 _aeng
082 0 0 _a355.00951
_219
_bGIR 1967
100 1 _aGittings, John.
_910803
245 1 4 _aThe role of the Chinese Army /
_cJohn Gittings; Royal Institute of International Affairs.
260 _aLondon ;
_aNew York [etc.] :
_bissued under the auspices of the Royal Institute of International Affairs by Oxford U.P.,
_cc1967.
300 _axx, 331 p. :
_btables, diagrs. ;
_c22 cm.
504 _aBibliography: p. [315]-320. and index.
610 1 0 _aChina.
_bLu jun.
_910804
710 2 _aRoyal Institute of International Affairs.
_95859
856 _uhttp://www.worldcat.org/title/role-of-the-chinese-army/oclc/234382&referer=brief_results
942 _2ddc
_cBK
999 _c3437
_d3437